<?xml version="1.0" encoding="UTF-8"?>
<record
    xmlns:xsi="http://www.w3.org/2001/XMLSchema-instance"
    xsi:schemaLocation="http://www.loc.gov/MARC21/slim http://www.loc.gov/standards/marcxml/schema/MARC21slim.xsd"
    xmlns="http://www.loc.gov/MARC21/slim">

  <leader>02886nam a22003617u 4500</leader>
  <controlfield tag="001">pwiiw7400</controlfield>
  <controlfield tag="003">OSt</controlfield>
  <controlfield tag="005">20260516120019.0</controlfield>
  <controlfield tag="008">250922t2025    au ||||| |||| 00| ||eng d</controlfield>
  <datafield tag="040" ind1=" " ind2=" ">
    <subfield code="c">OSt</subfield>
  </datafield>
  <datafield tag="041" ind1=" " ind2=" ">
    <subfield code="a">eng</subfield>
  </datafield>
  <datafield tag="084" ind1=" " ind2=" ">
    <subfield code="a">F14</subfield>
    <subfield code="a">F23</subfield>
    <subfield code="a">L64</subfield>
    <subfield code="a">O14</subfield>
    <subfield code="2">jelc</subfield>
  </datafield>
  <datafield tag="100" ind1="1" ind2=" ">
    <subfield code="a">Francis, Smitha</subfield>
  </datafield>
  <datafield tag="245" ind1="1" ind2="0">
    <subfield code="a">Post-pandemic shifts in medical electronics GVCs and changing value dynamics amidst new digitalisation:  An analysis based on Indian subsidiaries of EU-based corporations</subfield>
  </datafield>
  <datafield tag="260" ind1=" " ind2=" ">
    <subfield code="a">Wien :</subfield>
    <subfield code="b">Wiener Institut f&#xFC;r Internationale Wirtschaftsvergleiche (wiiw),</subfield>
    <subfield code="c">2025.</subfield>
  </datafield>
  <datafield tag="300" ind1=" " ind2=" ">
    <subfield code="a">59 S., </subfield>
    <subfield code="b">13 Tables and 29 Figures,</subfield>
    <subfield code="c">30cm.</subfield>
  </datafield>
  <datafield tag="490" ind1="1" ind2=" ">
    <subfield code="a">wiiw Research Reports</subfield>
    <subfield code="v">479</subfield>
  </datafield>
  <datafield tag="520" ind1=" " ind2=" ">
    <subfield code="a">Realignments of global value chains (GVCs) are occurring at a time when the technological dynamics in manufacturing industries, including in healthcare-related industries like medical electronics, is undergoing significant changes due to the wave of new digitalisation. This study examines post-pandemic changes in global medical electronics value chains through industry-level trade analysis and the GVC participation of selected Indian subsidiaries of medical electronics companies based in the European Union (EU), focusing on the implications of digitalisation and data-centric strategies for capturing value. The study finds that post-COVID-19 realignments in the industry proceeded gradually until 2023. Meanwhile, digitalisation is leading to a gradual expansion in operations by EU-based medical device multinational corporations (MNCs) in India. This is shown to be due to the increased role of software for product design and process optimisation in digitalising value chains. Leading EU-based medical device MNCs are found to be leveraging India&#x2019;s strengths in software design and data-analytics capabilities for co-developing their software-embedded &#x2018;health systems&#x2019; and &#x2018;solutions&#x2019;. However, even when software and services exports from India went up with increasing digitalisation, the shares of the EU-based lead firm groups in total revenue of the Indian subsidiaries were found to increase. This occurred through imports of software-embedded medical devices and equipment along with imports of higher-valued proprietary software platforms, health systems and the like, which are patented and marketed by the EU-based lead firms or their foreign subsidiaries back to India.
</subfield>
  </datafield>
  <datafield tag="650" ind1=" " ind2=" ">
    <subfield code="a">digitalisation</subfield>
  </datafield>
  <datafield tag="650" ind1=" " ind2=" ">
    <subfield code="a">GVCs</subfield>
  </datafield>
  <datafield tag="650" ind1=" " ind2=" ">
    <subfield code="a">medical device industry</subfield>
  </datafield>
  <datafield tag="650" ind1=" " ind2=" ">
    <subfield code="a">medical electronics</subfield>
  </datafield>
  <datafield tag="650" ind1=" " ind2=" ">
    <subfield code="a">European MNCs</subfield>
  </datafield>
  <datafield tag="650" ind1=" " ind2=" ">
    <subfield code="a">value distribution</subfield>
  </datafield>
  <datafield tag="650" ind1=" " ind2=" ">
    <subfield code="a">digital value chains</subfield>
  </datafield>
  <datafield tag="651" ind1=" " ind2=" ">
    <subfield code="a">European Union</subfield>
  </datafield>
  <datafield tag="651" ind1=" " ind2=" ">
    <subfield code="a">India</subfield>
  </datafield>
  <datafield tag="690" ind1=" " ind2=" ">
    <subfield code="a">International Trade, Competitiveness and FDI</subfield>
  </datafield>
  <datafield tag="690" ind1=" " ind2=" ">
    <subfield code="a">Sectoral studies</subfield>
  </datafield>
  <datafield tag="830" ind1=" " ind2="0">
    <subfield code="v">479</subfield>
    <subfield code="w">WIIW0000048</subfield>
    <subfield code="t">wiiw Research Reports</subfield>
  </datafield>
  <datafield tag="856" ind1="4" ind2="0">
    <subfield code="u">https://wiiw.ac.at/p-7400.html</subfield>
  </datafield>
  <datafield tag="942" ind1=" " ind2=" ">
    <subfield code="c">P</subfield>
  </datafield>
  <datafield tag="999" ind1=" " ind2=" ">
    <subfield code="c">9144</subfield>
    <subfield code="d">9144</subfield>
  </datafield>
  <datafield tag="952" ind1=" " ind2=" ">
    <subfield code="0">0</subfield>
    <subfield code="1">0</subfield>
    <subfield code="4">0</subfield>
    <subfield code="7">0</subfield>
    <subfield code="a">BIB</subfield>
    <subfield code="b">BIB</subfield>
    <subfield code="c">1</subfield>
    <subfield code="d">2025-09-23</subfield>
    <subfield code="i">pwiiw7400</subfield>
    <subfield code="l">0</subfield>
    <subfield code="o">5.600/479</subfield>
    <subfield code="p">1000010007400</subfield>
    <subfield code="r">2025-09-23 00:00:00</subfield>
    <subfield code="w">2025-09-22</subfield>
    <subfield code="y">P</subfield>
  </datafield>
</record>
